Top 10 Songs by the Grateful Dead - Statistics

General Stats
  • This quiz has been taken 4 times
  • The average score is 5 of 10
Answer Stats
Hint Answer % Correct
8 Casey Jones
100%
3 Friend of the Devil
67%
6 Sugar Magnolia
67%
1 Touch of Grey
67%
2 Truckin'
67%
10 Box of Rain
33%
5 Dark Star
33%
9 Eyes of the World
33%
4 Ripple
33%
7 Scarlet Begonias
33%
No matching quizzes found
Score Distribution
Percent of People with Each Score
Percentile by Number Answered
Your Score History
You have not taken this quiz